000 00737nam a22002057a 4500
005 20100730153434.0
010 _aENG-97448
020 _a9788183333672
_c297.00
035 _aEN-80981
037 _bDBAD/PUB
082 _a005.1
100 _aKanetkar, Yashavant P.
_924319
245 _aComputer programming & utilization /
_cby Yashavant P. kanetkar
260 _aNew Delhi
_bBPB Publications
_c2010
270 _aB-14 Connaught Place,
_bNew Delhi
_e110001
300 _a669p:
_c24 cm (pbk)
_bill.
500 _aIncludes index
942 _2ddc
_cEN
_h005.1
_mKAN
999 _c38306
_d38306